书目信息 |
| 题名: |
有限元法
|
|
| 作者: | 监凯维奇 , Zienkiewicz 著 ;尹泽勇 , 江伯南 译 | |
| 分册: | 下册 | |
| 出版信息: | 北京 科学出版社 1985 |
|
| 页数: | 445-827页 | |
| 开本: | 20cm | |
| 丛书名: | 力学名著译丛 | |
| 单 册: | ||
| 中图分类: | O242.21 | |
| 科图分类: | ||
| 主题词: | 工程技术-有限元法-应用 , 计算数学 , 有限元法-应用-工程技术 | |
| 电子资源: | ||
| ISBN: | ||
| 000 | 00982nam2 2200325 45 | |
| 001 | 0185017209 | |
| 005 | 20061121162608.57 | |
| 010 | @dCNY4.00 | |
| 100 | @a19951115d1985 em y0chiy0121 ea | |
| 101 | 1 | @achi@ceng |
| 102 | @aCN@b110000 | |
| 105 | @ay z 000yy | |
| 200 | 10 | @a有限元法@h下册@Ayou xian yuan fa@f(英)监凯维奇(Zienkiewicz,O.C.)著@g尹泽勇,江伯南译 |
| 210 | @a北京@c科学出版社@d1985 | |
| 215 | @a445-827页@d20cm | |
| 225 | 2 | @a力学名著译丛 |
| 300 | @a书名原文:The Finite Element Method | |
| 410 | 0 | @120010@a力学名著译丛 |
| 510 | 1 | @aThe Finite Element Method@zeng |
| 606 | @a工程技术-有限元法-应用 | |
| 606 | 0 | @a计算数学 |
| 606 | @a有限元法-应用-工程技术 | |
| 690 | @aO242.21@v3 | |
| 701 | 1 | @a监凯维奇@bO.C.@4著@Ajian kai wei qi |
| 701 | A1 | @aZienkiewicz@bO.C.@4著 |
| 702 | 0 | @a尹泽勇@4译@Ayin ze yong |
| 702 | 0 | @a江伯南@4译@Ajiang bai nan |
| 801 | 0 | @aCN@bTSSF@c20061121 |
| 801 | 2 | @aCN@bNLC@c20061121 |
| 905 | @a10447@dO242.21@e5:2 | |
| 有限元法.下册/(英)监凯维奇(Zienkiewicz,O.C.)著/尹泽勇,江伯南译.-北京:科学出版社,1985 |
| 445-827页;20cm.-(力学名著译丛) |
| 书名原文:The Finite Element Method |
| ISBN :CNY4.00 |
| ● |
| 相关链接 |
|
|
|
|
正题名:有限元法
索取号:O242.21/5:2
 
预约/预借
| 序号 | 登录号 | 条形码 | 馆藏地/架位号 | 状态 | 备注 |
| 1 | 0165176 | 001446572 | 第二样本阅览室/ [索取号:O242.21/5:2] | 在馆 |